| 000 | 00646nam a2200181 a 4500 | ||
|---|---|---|---|
| 005 | 20250819063913.0 | ||
| 008 | 081109s2000 mx r 000 0 spa d | ||
| 035 | _aUPN01000166183 | ||
| 049 | _aUNE | ||
| 080 | _a371.214 5) =20 "2000" GLO. | ||
| 245 | 0 | 0 |
_aGlobalization and living together : _bThe challenges for educational content in Asia: Final report of the Sub-Regional course on curriculum development, New Delhi, India; 9-17 march, 1999. |
| 260 |
_aGeneva : _bIBE; _aParis : _bUNESCO, _c2000. |
||
| 300 |
_a139 p. ; _bil. |
||
| 690 |
_aCurrĂculo _94174 |
||
| 690 | _aDesarrollo de los currĂculos | ||
| 690 | _aAsia | ||
| 905 | _aUNESCO | ||
| 999 |
_c138295 _d138295 |
||